| 000 | 00910nam a2200217Ii 4500 | ||
|---|---|---|---|
| 003 | JO-AjNU | ||
| 008 | 230605s9999||||xx |||||||||||||| ||und|| | ||
| 017 | _a1971/3963 | ||
| 040 |
_aJO-AjNU _bara _erda _cJO-AjNU |
||
| 041 | _aara | ||
| 050 | 1 | 4 | _aHF5548.8.A226.1971 |
| 100 | 3 |
_aتاليف عوض، عباس محمود؛ تقديم: راجح، احمد عزت, _eauthor _938605 |
|
| 245 | 0 | 0 | _aحوادث العمل في ضوء علم النفس |
| 264 | 3 | 1 | _aالقاهرة:دار المعارف بمصر؛1971 |
| 300 |
_a207ص _bيحتوي على ملاحق من ص 169-197ص،يحتوي على ببلوغرافية من ص201-207ص |
||
| 336 |
_atext _btxt _2rdacontent |
||
| 337 |
_aunmediated _bn _2rdamedia |
||
| 338 |
_avolume _bnc _2rdacarrier |
||
| 490 | 0 | _aمنشورات جماعة علم النفس التكاملي | |
| 650 | 4 |
_aعلم النفس الصناعي -حوادث العمل _938606 |
|
| 999 |
_aA16233 _c19801 _d19801 |
||